|
|
|
|
| LEADER |
00000nam a22000007a 4500 |
| 005 |
20110831103130.0 |
| 008 |
110831t2010 mx ||||s|||| 00| 0 spa d |
| 020 |
|
|
|a 978-607-7603-68-9
|
| 035 |
|
|
|a 5506
|
| 040 |
|
|
|a vLex
|
| 090 |
|
|
|c 2311
|d 2311
|
| 100 |
1 |
|
|a Nava Polina, Mara̕ del Carmen
|
| 245 |
1 |
3 |
|a El Congreso
|c Mara̕ del Carmen Nava Polina
|h [Recurso electrn̤ico] /
|
| 256 |
|
|
|a Servicio en ln̕ea.
|
| 260 |
|
|
|a [Mx̌ico] :
|b Nostra Ediciones,
|c 2010.
|
| 500 |
|
|
|a La labor parlamentaria da lugar a comentarios entre la ciudadana̕ y la prensa todos los da̕s, pero poco se sabe en realidad del funcionamiento interno, su historia y el bagaje que Mx̌ico ha acumulado en esta materia. En este libro el lector encontrar ̀una excepcional y accesible referencia para comprender los grandes problemas que en nuestro pas̕ se han enfrentado para llevar a la realidad el modelo de la democracia en el Congreso, el r̤gano donde šta debera̕ manifestarse en plenitud. La autora recorre su historia haciendo ňfasis en los retos que, despuš de doscientos aǫs de labor legislativa, existen hoy da̕ para hacer realidad la participacin̤ ciudadana, un pendiente que es impostergable cubrir en la agenda nacional.
|
| 506 |
1 |
|
|a Contenido solo disponible en los productos indicados
|d vLex Global
|d vLex Global (Academic Edition, excluding Law Schools)
|d vLex Global (U.S. Academic Edition, Law Schools)
|d vLex Global (U.S. Academic Edition, excluding Law Schools)
|d vLex Global (Academic Edition, Law Schools)
|
| 651 |
|
4 |
|a Mx̌ico
|x Parlamento
|
| 740 |
0 |
|
|a vLex Libros (Servicio en ln̕ea)
|
| 856 |
4 |
0 |
|u http://vlex.com/source/congreso-5506
|z Acceso restringido
|
| 942 |
|
|
|c BOOK
|